EG residential (Record no. 79257)
[ view plain ]
| 000 -LEADER | |
|---|---|
| fixed length control field | 01038cab a22002295a 4500 |
| 001 - CONTROL NUMBER | |
| control field | L140368 |
| 008 - FIXED-LENGTH DATA ELEMENTS--GENERAL INFORMATION | |
| fixed length control field | 070919e20070915xxkao f s 000 0 eng d |
| 035 ## - SYSTEM CONTROL NUMBER | |
| System control number | (Sirsi) u140368 |
| 041 0# - LANGUAGE CODE | |
| Language code of text/sound track or separate title | eng |
| 100 1# - MAIN ENTRY--PERSONAL NAME | |
| Personal name | Evans, Nigel |
| 245 00 - TITLE STATEMENT | |
| Title | EG residential |
| 490 ## - SERIES STATEMENT | |
| Series statement | Estates Gazette |
| Volume/sequential designation | (0737) 15 September 2007, 103-137(19) |
| 520 ## - SUMMARY, ETC. | |
| Summary, etc. | Reports that the concept of eco-friendly homes is becoming more popular in the private sector. Also details issues affecting eco-friendly housebuilders. Across the residential market, slow sales seem likely to lead to increased rents. The return of social housing constructed using public funds is considered to be a possibility under Gordon Brown. Considers the benefits of a stricter regulation framework in order to improve the image of private landlords and managing agents. |
| 590 ## - LOCAL NOTE (RLIN) | |
| Local note | KA |
| 651 #4 - SUBJECT ADDED ENTRY--GEOGRAPHIC NAME | |
| Geographic name | International |
| 690 ## - LOCAL SUBJECT ADDED ENTRY--TOPICAL TERM (OCLC, RLIN) | |
| Topical term or geographic name as entry element | Residential property |
| 9 (RLIN) | 6266 |
| 700 1# - ADDED ENTRY--PERSONAL NAME | |
| Personal name | Donnell, Richard |
| 700 1# - ADDED ENTRY--PERSONAL NAME | |
| Personal name | Norwood, Graham |
| 700 1# - ADDED ENTRY--PERSONAL NAME | |
| Personal name | Barnard, Lucy |
| 700 1# - ADDED ENTRY--PERSONAL NAME | |
| Personal name | Neale, Jon |
| 942 ## - ADDED ENTRY ELEMENTS (KOHA) | |
| Suppress in OPAC | 0 |
| Withdrawn status | Lost status | Source of classification or shelving scheme | Damaged status | Not for loan | Home library | Current library | Shelving location | Date acquired | Total Checkouts | Full call number | Barcode | Date last seen | Copy number | Price effective from | Koha item type |
|---|---|---|---|---|---|---|---|---|---|---|---|---|---|---|---|
| Dewey Decimal Classification | London | London | Journal article | 03/11/2007 | L140368 | 140368-1001 | 06/08/2019 | 1 | 06/08/2019 | Journal article |